| 000 | 00978cam a2200217 4500 | ||
|---|---|---|---|
| 001 | WB3822-18 | ||
| 008 | 020618n2002 000 0 eng u | ||
| 035 | _a(Sirsi) u118439 | ||
| 245 | _aHigh Court upholds reasoning of inspector on reserved matters | ||
| 260 | _c2002 | ||
| 490 |
_aRICS News Service _v18 June 2002, (1) |
||
| 520 | _aA judge has upheld the decision of a planning inspector in reasoning that an application for approving reserved matters for 18 out of 250 tourist chalets did not also approve an application for approval in relation to the remaining 232 chalets. To view RICS News: http://www.rics.org/ricscms/bin/show?class=News&template=/includes/shownews.html&id=2793. | ||
| 590 | _aWB | ||
| 650 | _aLAWFUL DEVELOPMENT CERTIFICATES | ||
| 650 | _aRESERVED MATTERS | ||
| 650 | _aPLANNING PERMISSION | ||
| 650 | _aPLANNING APPLICATIONS | ||
| 650 | _aROTHER DC | ||
| 690 | _aENVIRONMENTAL AND LAND CONSULTANCY-PLANNING AND DEVELOPMENT | ||
| 942 | _n0 | ||
| 999 |
_c70498 _d70498 |
||